000 00472nam a2200181Ia 4500
008 151018s9999 xx 000 0 und d
082 _bRBASDV34719
_a891.463
100 _aवि ज बोरकर
245 _aवंश
250 _b1
260 _bपुणे प्रकाशन
_c1996
300 _a103
600 _aवि ज बोरकर
630 _aवंश
700 _aवि ज बोरकर
730 _aवंश
942 _cBOOK
999 _c1034206
_d1034203